000 00612cam a22002171 4500
001 af 48002580
003 DLC
005 20260227110856.0
008 890405s1944 ne 000 0 dut c
010 _aaf 48002580
035 _a(OCoLC)19500442
040 _aCalifornia. Univ. Libr.
_cCU
_dDLC
041 1 _adut
_hund
042 _apremarc
050 0 0 _aPT2617.E76
_bS353
100 1 _aHerse, Henrik,
_d1895-
245 1 3 _aDe slag der witte schepen.
_cGeautoriseerde vertaling van Margaretha Meijer.
260 _aAmsterdam,
_bStorm,
_c1944.
300 _a343 p.
_c21 cm.
700 1 _aMeijer, Margaretha,
_etr.
999 _c5097
_d5097